000 00636nam a22002417a 4500
001 0002587
003 DO-SdBNP
005 20180206104743.0
007 0002587
008 160613b 2004 at xxu||||| |||| 00| 0 spa d
020 _a9706863419
040 _aBPMSU
_bspa
_cBPMSU
092 _axxxxx
_bxxxxx
100 1 _aTownsley, María
245 1 0 _aVentas al detalle /
_cMaría Townsley.
260 _aAustralia :
_bThomson,
_c2004.
300 _a168 p. :
_bil. ;
_c27 cm
490 1 _aBusiness
830 0 _pBusiness.
942 _2ddc
_cBK
945 _aInventariado, 2018 / BT
956 _2LOPEREZ
_310
_620160513
_8BPMSU
_a00041
999 _c10364
_d10364